Places by Their Native Names - Statistics

General Stats
  • This quiz has been taken 61 times
  • The average score is 15 of 24
Answer Stats
English Native % Correct
Naples Napoli
87%
Vienna Wien
87%
Ivory Coast Côte d'Ivoire
85%
Cologne Köln
85%
Prague Praha
85%
Florence Firenze
80%
Munich München
80%
Ayer's Rock Uluru
78%
The Hague Den Haag
76%
Alps Alpen/Alpes/Alpi
74%
Brittany Bretagne
74%
Mt McKinley Denali
74%
Hungary Magyarország
74%
Bavaria Bayern
70%
Madras Chennai
63%
Havana La Habana
54%
Copenhagen København
52%
Saxony Sachsen
46%
Warsaw Warszawa
43%
Flanders Vlaanderen
35%
Carinthia Kärnten/Koroška
26%
Cairo al-Qāhirah
24%
Silesia Śląsk/Ślůnsk
15%
Dublin Baile Átha Cliath
11%
No matching quizzes found
Score Distribution
Percent of People with Each Score
Percentile by Number Answered
Your Score History
You have not taken this quiz